Novelizovaný zákonník práce a súvisiace predpisy Úplné znenie

Na minha lista:
Detalhes bibliográficos
Formato: Livro
Idioma:eslovaco
Publicado em: Bratislava GENEZIS 1991
Edição:1. vyd.
Tags: Adicionar Tag
Sem tags, seja o primeiro a adicionar uma tag!

MARC

LEADER 00000nam a2200000 4500
001 c023215
005 20221214094348.8
041 0 |a slo 
044 |a SK 
245 1 0 |a Novelizovaný zákonník práce a súvisiace predpisy  |b Úplné znenie 
250 |a 1. vyd. 
264 1 |a Bratislava  |b GENEZIS  |c 1991 
300 |a 165 s.